000 00373nam a2200145Ia 4500
008 230711s9999||||xx |||||||||||||| ||und||
041 _aENG
082 _a540
_bCH-I
100 _aChakravarty,A.K
245 0 _aInvestigatory projects in Chemistry
250 _a1st Ed.
260 _c1983
_aNew Delhi
_bTata McGraw Hill Education Limited
650 _aChemistry
942 _cBK
999 _c1182
_d1182